Tiepolo
-д хадгалсан:
| Үндсэн зохиолч: | |
|---|---|
| Формат: | Ном |
| Хэл сонгох: | итали |
| Хэвлэсэн: |
Milán
Silvana
1958
|
| Нөхцлүүд: | |
| Шошгууд: |
Шошго нэмэх
Шошго байхгүй, Энэхүү баримтыг шошголох эхний хүн болох!
|
MARC
| LEADER | 00000nam a2200000 a 4500 | ||
|---|---|---|---|
| 001 | UCZ2542 | ||
| 003 | CL-VaPUC | ||
| 008 | 951005e19580000IT |||||||||||||||||ita|d | ||
| 082 | 0 | 4 | |a 759.5 |b MAR |2 21 |
| 100 | |a Marzoli Feslikenian, Luisa |e autora |9 346328 | ||
| 245 | 1 | 0 | |a Tiepolo |
| 300 | |a 64 p | ||
| 942 | |c BK | ||
| 945 | |d 19951005 00:00:00 |a awong | ||
| 260 | |a Milán |b Silvana |c 1958 | ||
| 600 | 0 | 7 | |a TIEPOLO, GIOVANNI BATISTE |2 CL-VaPUC |9 346230 |
| 650 | 0 | |a Pintura italiana |9 265293 | |
| 650 | 0 | |a Pintores italianos |9 265277 | |
| 651 | 0 | |a Italia |9 254949 | |
| 583 | |a last modification |c 19951005 00:00:00 |k Rodrigo Vera | ||
| 999 | |c 239118 |d 239116 | ||
| 952 | |0 0 |1 0 |4 0 |6 759_500000000000000_MAR_1958 |7 0 |8 A |9 249960 |a BIBART |b BIBART |d 2019-11-18 |i 3138194 |o 759.5 MAR 1958 |p 3138194 |r 2025-03-13 |w 2019-11-18 |y BK |k ART | ||